000 00604nam a2200229Ia 4500
003 OSt
005 20220924133012.0
006 a|||||r|||| 00| 0
007 ta
008 220923b |||||||| |||| 00| 0 ben d
024 _a255827
037 _cTextual
040 _aARTS
_cARTS
_bben
041 _2ben
_aben
082 _aO157vL, L4
100 _aMukhopadhyay Sukhamay
_9187927
245 0 _aMadhyayuger Bangla sahityerntathya o kalakram
260 _c1974
650 _aBENGALI LITERATURE
942 _hO157vL, L4
_cTEXL
_2CC
999 _c432351
_d432351